Problematika lobingu v Európskej únii a na Slovensku

Problematika lobingu v Európskej únii - dve skupiny lobistov, správne načasovanie, sústredenie pozornosti lobistov na Európsku komisiu. Lobing v Európskom parlamente. Problematika lobingu v Slovenskej republike - návrh zákona o lobingu. Potreba legislatívnej úpravy lobingu ako v EÚ tak v SR.

Gespeichert in:
Bibliographische Detailangaben
1. Verfasser: Malík, Marek
Format: Buchkapitel
Sprache:Slowakisch
Schlagworte:
Tags: Tag hinzufügen
Keine Tags, Fügen Sie das erste Tag hinzu!

MARC

LEADER 00000naa$a2200000$$$4500
001 0073502
005 20240711084113.8
041 0 |a slo 
044 |a SK 
245 1 0 |a Problematika lobingu v Európskej únii a na Slovensku  |c Marek Malík 
520 |a Problematika lobingu v Európskej únii - dve skupiny lobistov, správne načasovanie, sústredenie pozornosti lobistov na Európsku komisiu. Lobing v Európskom parlamente. Problematika lobingu v Slovenskej republike - návrh zákona o lobingu. Potreba legislatívnej úpravy lobingu ako v EÚ tak v SR. 
610 2 0 |a lobizmus 
610 2 0 |a záujmy verejné 
610 2 0 |a skupiny záujmové 
610 2 0 |a parlamenty 
610 2 0 |a úrady 
610 2 0 |a podnikatelia 
610 2 0 |a administratíva 
610 2 0 |a Slovensko 
610 2 0 |a Európska únia 
610 2 0 |a legislatíva 
100 1 |a Malík, Marek